Textbook of Applied Sociology (Record no. 1811)

MARC details
000 -LEADER
Fixed length control field 00544nam a22002057a 4500
003 - CONTROL NUMBER IDENTIFIER
Control field IIN
005 - DATE AND TIME OF LATEST TRANSACTION
Control field 20250507124409.0
008 - FIXED-LENGTH DATA ELEMENTS--GENERAL INFORMATION
Fixed length control field 250507s2022 |||ad||| |||| 001 0 eng d
020 ## - INTERNATIONAL STANDARD BOOK NUMBER / ISBN
International Standard Book Number 9788194727644
Price Rs.495.00
040 ## - CATALOGING SOURCE
Original cataloging agency IIN
082 ## - DEWEY DECIMAL CLASSIFICATION NUMBER
Classification number 610.73
Book Number KAU
100 ## - MAIN ENTRY--PERSONAL NAME
Personal name Kaur, Varinder
245 ## - TITLE STATEMENT
Title Textbook of Applied Sociology
Sub title for BSc. Nursing Students (SEM-I)/
Statement of responsibility Varinder Kaur
260 ## - IMPRINT
Place of publication Punjab
Name of publisher VHS
Date of publication 2022
300 ## - PHYSICAL DESCRIPTION
Page / Vol. No 248 p.
Other physical details ill.
500 ## - GENERAL NOTE
General note Includes Index
650 ## - SUBJECT ADDED ENTRY--TOPICAL TERM
Topical term Sociology
650 ## - SUBJECT ADDED ENTRY--TOPICAL TERM
Topical term Sociology
Form subdivision Nursing
942 ## - ADDED ENTRY ELEMENTS (KOHA)
Koha item type Books
Holdings
Withdrawn status Lost status Source of classification Damaged status Not for loan Collection code Home library Current library Shelving location Date acquired Price Total Checkouts Call number Accession number Date last seen Price effective from Koha item type
    Dewey Decimal Classification     Purches Book IDEAL INSTITUTE OF NURSING IDEAL INSTITUTE OF NURSING General Stacks 11/03/2025 495.00   610.73 KAU 2010 07/05/2025 07/05/2025 Books
© Ideal Institute Of Nursing, All rights reserved.         Powered by Koha